000 00706cam a2200205 4500500
005 20260111080509.0
041 _afre
042 _adc
100 1 0 _aConan, Matthieu
_eauthor
245 0 0 _aLa programmation financière des collectivités territoriales par l’État
260 _c2023.
500 _a93
690 _a« contrats de Cahors »
690 _a« règle d’or »
690 _aDGF
690 _aloi de programmation des finances publiques
690 _aODEDEL
786 0 _nGestion & Finances Publiques | 2 | 2 | 2023-04-28 | p. 32-38 | 1969-1009
856 4 1 _uhttps://droit.cairn.info/revue-gestion-et-finances-publiques-2023-2-page-32?lang=fr&redirect-ssocas=7080
999 _c1616383
_d1616383